000 01240nam a22003737a 4500
003 CHAP
005 20220817044415.0
008 101208s2010 it a rn 00010 spa d
010 _a100092
011 _a101064
020 _a9789253066421
035 _a111750
040 _cCHAP
082 0 4 _a636.08
_bF21Est. v.170
110 2 _aFAO
245 1 3 _aLa salud pública veterinaria en situaciones de desastres naturales y provocados
_c/cordinado por Carlos Eddi
260 _aRome :
_bFAO,
_c2010
300 _a31 p.
490 0 _aFAO. Producción y sanidad animal. Estudio
_v; 170
590 _aBATCH-UPD
_b10
_c20130110
_lUCH01
_h1741
590 _aBATCH-UPD
_b10
_c20130410
_lUCH01
_h1120
590 _aBATCH-UPD
_b10
_c20130914
_lUCH01
_h1158
590 _aCONVERSION
_b10
_c20130109
_lUCH01
_h1355
650 1 4 _aDesastres naturales.
_932111
650 1 4 _aEpidemiología.
650 1 4 _aGobierno.
_948401
650 1 4 _aSanidad animal.
_9102221
650 1 4 _aVeterinarios.
_9119013
700 1 _aEddi, Carlos
_e, coord.
_935315
830 0 _aFAO. Producción y sanidad animal. Estudio
_v; 170
_939660
901 _aBK
942 _cLIBRO
949 _a636.08 F21Est. v.170
_bBC
_cFAO
_d33724002224827
_eFAO1
_gDonaciØn
_h113879
_i111750
_sb
999 _c100092
_d100092